000 00670nam a2200205Ia 4500
003 GCL
008 140319s9999 xx 000 0 ara d
040 _aGCL /
_cGCL
082 0 4 _aد
_b050
100 1 _aعباس محمود العقاد
245 1 0 _aالشيخ الرئيس ابن سينا ( اقرا 46 ) /
_cعباس محمود العقاد
300 _a128 ص
490 _aوثائق ونصوص
_v0
650 0 4 _aالفلسفة الاسلامية
650 0 4 _aالتصوف الاسلامى
650 0 4 _aالحركات الفكرية عند المسلمين
650 0 4 _aالفلاسفة المسلمون
650 0 4 _aابن سينا
942 _2ddc
_cCF
999 _c27401
_d27401